000 00573nam a2200205Ia 4500
005 20250508154015.0
008 008 250505s9999 xx 000 0 eng d
037 _aTextBook
040 _aFEDL
_beng
_cFEDL
041 _aeng
_2eng
084 _a371.42, BHA
_qFEDL
100 _aBhatacharya S.
_9764840
245 0 _aGuindance in education
260 _aBombay, India
_bAsia Publishing House
_c1963
300 _a229p
365 _aGifted
650 _aEducation; Vocational Guidance
_9760575
942 _cTB
_h371.42, BHA
999 _c1346986
_d1346986